000 01158 a2200205 4500
001 29643
005 20260407155606.0
008 260407a1964 arg spa d
003 AR-UNSa-BCEJYS
040 _aAR-UNSa-BCEJYS
_bspa
_cAR-UNSa-BCEJYS
080 _a657.36
_xBalances de comprobación (balance estimativo). Balances de saldo. Balance intermedio
245 1 0 _aComo hacer un balance
250 _a2a. ed
264 1 _aBuenos Aires :
_bSelección Contable
_c1964
300 _a181 p.
_c24 cm.
505 _a1. El plan de cuentas como base para el balance - 2. La formación del balance en las empresas de pequeña o mediana dimensión - 3. Una rutina fácil para hacer el balance en las empresas de pequeña y mediana dimensión - 4. Los asientos que deben hacerse en ocasión del cierre del ejercicio - 5. presentación del balance - 6. Ejemplos de formación de balance en una empresa comercial y en una industrial - 7. Casos prácticos comentados - 8. Teoría del balance - 9. Estudio sobre la composición o estructura del capital de las empresas.
942 _cBK
590 _aniveau_biblio:m niveau_hierar:0
100 1 _aLópes de Sa, Antonio
999 _c1922
_d1922